Conan Gray- Found Heaven Lyrics - Statistics

General Stats
  • This quiz has been taken 94 times
  • The average score is 144 of 185
Answer Stats
Answer % Correct
a
98%
you
96%
love
94%
in
92%
your
92%
no
90%
to
90%
you're
90%
(you're
90%
be
88%
do
88%
don't
88%
(don't
88%
the
88%
never
86%
found
84%
heaven
84%
night
84%
we
84%
god
82%
alone
80%
child
80%
darkest
80%
father
80%
little
80%
scared
80%
walk
80%
everything
78%
him
78%
into
78%
demon
76%
need
76%
this
76%
until
76%
us
76%
above
74%
everybody
74%
get
74%
is
74%
ruined
74%
said
74%
wants
74%
you'll
74%
but
72%
ring
72%
that
72%
wedding
72%
believe
70%
satisfied
70%
feeling
68%
of
68%
soul
68%
always
66%
innocent
66%
sky
66%
there's
66%
mama's
64%
sleep
64%
and
62%
look
62%
prayed
62%
back
60%
leave
60%
sin
60%
war
60%
bags
58%
begged
58%
can
58%
meant
58%
one
58%
pack
58%
start
58%
door
56%
heart
56%
holy
56%
as
54%
now)
52%
now
52%
breaking
46%
repent
46%
unchanged
42%
frightened
38%
trapped
38%
No matching quizzes found
Score Distribution
Percent of People with Each Score
Percentile by Number Answered
Your Score History
You have not taken this quiz